| 000 | 00878nam a2200277 a 4500 | ||
|---|---|---|---|
| 001 | 46531 | ||
| 003 | BD-RjUL | ||
| 005 | 20211209054151.0 | ||
| 008 | 160803s1970 enkaf b 001 0 eng | ||
| 020 | _a0420428100 | ||
| 035 | _a(BD-RjUL)46650 | ||
| 040 |
_aDLC _cDLC _dBD-RjUL _beng |
||
| 041 | _aeng | ||
| 082 | 0 | 0 |
_a341.2 _223 _bBOL 1970 |
| 100 | 1 |
_aBowett, D. W. _9141954 |
|
| 245 | 1 | 4 |
_aThe law of international institutions / _c D. W. Bowett. |
| 250 | _a2nd ed. | ||
| 260 |
_aLondon : _bStevens, _c1970 |
||
| 300 |
_axviii, 384 p. : _bill. _c23 cm. |
||
| 500 | _a"Published under the auspices of the London Institute of World Affairs." | ||
| 504 | _aIncludes bibliographies. | ||
| 650 | 0 |
_aRegionalism (International organization) _9129010 |
|
| 650 | 0 |
_aInternational agencies. _9141955 |
|
| 942 |
_2ddc _cBK |
||
| 999 |
_c46531 _d46531 |
||